Bienvenue à la E-Bibliothèque de l’UEH

Bénéficiez l'accès à des milliers de ressources en ligne

Aux sources des liturgies indo-iraniennes / (notice nᵒ 1571)

détails MARC
000 -LEADER
fixed length control field 01798 a2200337 4500
001 - CONTROL NUMBER
control field OB-pulg-18416
003 - CONTROL NUMBER IDENTIFIER
control field FrMaCLE
005 - DATE AND TIME OF LATEST TRANSACTION
control field 20251214082540.0
007 - PHYSICAL DESCRIPTION FIXED FIELD--GENERAL INFORMATION
fixed length control field cu ||||||m||||
008 - FIXED-LENGTH DATA ELEMENTS--GENERAL INFORMATION
fixed length control field 230820e||||||||xx |||||s|||||||||0|fr|d
020 ## - INTERNATIONAL STANDARD BOOK NUMBER
International Standard Book Number 978-2-87562-374-4
024 7# - OTHER STANDARD IDENTIFIER
Standard number or code 10.4000/books.pulg.18416
Source of number or code doi
040 ## - CATALOGING SOURCE
Original cataloging agency FR-FrMaCLE
041 ## - LANGUAGE CODE
Language code of text/sound track or separate title fra
100 1# - MAIN ENTRY--PERSONAL NAME
Personal name Redard, Céline
245 10 - TITLE STATEMENT
Title Aux sources des liturgies indo-iraniennes /
Statement of responsibility, etc. Céline Redard, Juanjo Ferrer-Losilla, Hamid Moein, Philippe Swennen.
260 ## - PUBLICATION, DISTRIBUTION, ETC.
Place of publication, distribution, etc. Liège :
Name of publisher, distributor, etc. Presses universitaires de Liège,
Date of publication, distribution, etc. 2023.
300 ## - PHYSICAL DESCRIPTION
Extent 406 p.
500 ## - GENERAL NOTE
General note Ebook
520 ## - SUMMARY, ETC.
Summary, etc. Les temps sont mûrs pour définir un nouveau type de comparatisme indo-iranien, qui serait fondé sur une approche globale de littératures pareillement constituées à des fins liturgiques : la védique et la mazdéenne. Telle était la conviction commune aux organisateurs du colloque intitulé Aux sources des liturgies indo-iraniennes, qui s’est tenu à l’Université de Liège, les 9 et 10 juin 2016, avec l’appui du Fonds National pour la Recherche Scientifique. Le présent volume, fondé sur les contributions présentées à ce colloque, est destiné à permettre à des indianistes et à des iranistes spécialisés dans ces questions de faire le point sur l’état des connaissances en présence les uns des autres.
540 ## - TERMS GOVERNING USE AND REPRODUCTION NOTE
Terms governing use and reproduction OpenEdition Books License
Uniform Resource Identifier <a href="https://www.openedition.org/12554">https://www.openedition.org/12554</a>
650 #4 - SUBJECT ADDED ENTRY--TOPICAL TERM
Topical term or geographic name entry element Religion
Topical term or geographic name entry element comparatisme
Topical term or geographic name entry element védique
Topical term or geographic name entry element mazdéenne
700 1# - ADDED ENTRY--PERSONAL NAME
Personal name Ferrer-Losilla, Juanjo
Personal name Moein, Hamid
Personal name Swennen, Philippe
776 ## - ADDITIONAL PHYSICAL FORM ENTRY
International Standard Book Number 978-2-87562-260-0
856 4# - ELECTRONIC LOCATION AND ACCESS
Data provenance Redard, Céline
Uniform Resource Identifier <a href="https://books.openedition.org/pulg/18416">https://books.openedition.org/pulg/18416</a>
Link text Aux sources des liturgies indo-iraniennes

Pas d'exemplaire disponible.

Bibliothèque universitaire de l'UEH
Portail centralisé donnant accès au catalogue, aux ressources numériques et aux productions scientifiques de l’Université d’État d’Haïti.

Plateformes institutionnelles

  • Dépôt institutionnel UEH
  • Revues scientifiques UEH
  • GED institutionnelle
  • UEH enseignement à distance

Contact

  • Adresse : 21 Rue Rivière, Port-au-Prince
  • Email : bibliotheque@ueh.edu.ht
  • Téléphone : +509 22-45-68-43 / 22-45-68-44
  • Heures : Lundi–Vendredi 8h–16h
© 2026 UEH – E-Bibliothèque de l’Université d’État d’Haïti | À propos | Confidentialité | Conditions | Mentions légales | Accessibilité | Plan du site | Contact